000 00315nam a22001457a 4500
020 _a0-413-19240-7
082 _a823
_bMAN/P
100 _aMANUAL, GOLFING
245 _aPLAY IT AS IT LIES
260 _aLONDON
_bMETHUEN LTD
_c1988
300 _a128
520 _aSHORT STORY
650 _aSHORT STORY
942 _cBK
999 _c6196
_d6196